Abdul Sattar Edhi an autobiography : (Record no. 187058)
[ view plain ]
| 000 -LEADER | |
|---|---|
| fixed length control field | 00494 a2200169 4500 |
| 003 - CONTROL NUMBER IDENTIFIER | |
| control field | Nust |
| 005 - DATE AND TIME OF LATEST TRANSACTION | |
| control field | 20230130120243.0 |
| 040 ## - CATALOGING SOURCE | |
| Transcribing agency | Nust |
| 082 ## - DEWEY DECIMAL CLASSIFICATION NUMBER | |
| Classification number | 920,EDH |
| 100 ## - MAIN ENTRY--PERSONAL NAME | |
| Personal name | Durrani, Tehmina, |
| 9 (RLIN) | 11075 |
| 245 ## - TITLE STATEMENT | |
| Title | Abdul Sattar Edhi an autobiography : |
| Remainder of title | a mirror to the blind / |
| 260 ## - PUBLICATION, DISTRIBUTION, ETC. | |
| Place of publication, distribution, etc. | National Bureau of Publications |
| Name of publisher, distributor, etc. | Pakistan |
| Date of publication, distribution, etc. | 1996 |
| 300 ## - PHYSICAL DESCRIPTION | |
| Extent | 384 p |
| Other physical details | illus |
| Dimensions | 24 cm |
| 600 ## - SUBJECT ADDED ENTRY--PERSONAL NAME | |
| Personal name | Durrani, Tehmina, |
| 9 (RLIN) | 11075 |
| 650 ## - SUBJECT ADDED ENTRY--TOPICAL TERM | |
| Topical term or geographic name entry element | An autobiography of Abdul Sattar EDHI |
| 9 (RLIN) | 108027 |
| 942 ## - ADDED ENTRY ELEMENTS (KOHA) | |
| Source of classification or shelving scheme | |
| Koha item type | Book |
| Withdrawn status | Lost status | Source of classification or shelving scheme | Damaged status | Not for loan | Permanent Location | Current Location | Shelving location | Date acquired | Full call number | Barcode | Date last seen | Price effective from | Koha item type | Public note |
|---|---|---|---|---|---|---|---|---|---|---|---|---|---|---|
| Military College of Signals (MCS) | Military College of Signals (MCS) | General Stacks | 12/12/2016 | 920,EDH | MCS21506 | 12/08/2016 | 12/12/2016 | Book | Almirah No.59, Shelf No.3 |
